| 000 | 01194nam a22003497a 4500 | ||
|---|---|---|---|
| 003 | CHAP | ||
| 005 | 20220329135331.0 | ||
| 008 | 971013s1964 r 00010 d | ||
| 010 | _a34565 | ||
| 011 | _a35537 | ||
| 035 | _a39653 | ||
| 040 | _cCHAP | ||
| 082 |
_a635.9 _bF3Y |
||
| 100 | 0 | 0 |
_aFairbank, H. _939334 |
| 245 |
_aCultivo comercial de flores al aire libre _b: anuales, bienales y perennes |
||
| 260 |
_aZaragoza : _bAcribia, _c1964 |
||
| 300 |
_a128 p. _b: láms. |
||
| 490 | _aManual de técnica agropecuaria | ||
| 590 |
_aBATCH-UPD _b10 _c20130110 _lUCH01 _h0213 |
||
| 590 |
_aBATCH-UPD _b10 _c20130110 _lUCH01 _h1506 |
||
| 590 |
_aBATCH-UPD _b10 _c20130409 _lUCH01 _h2229 |
||
| 590 |
_aBATCH-UPD _b10 _c20130914 _lUCH01 _h1417 |
||
| 590 |
_aCONVERSION _b10 _c20130109 _lUCH01 _h1319 |
||
| 650 | 1 | 4 |
_aFlores. _941358 |
| 650 | 1 | 4 |
_aFloricultura. _941822 |
| 830 | 0 |
_aManual de técnica agropecuaria _970624 |
|
| 901 | _aBK | ||
| 942 | _cLIBRO | ||
| 949 |
_a635.9 F3Y _bBC _cLIBRO _d33724000249629 _eLIBRO _fc.3 _h46753 _i39653 _si |
||
| 949 |
_a635.9 F3Y _bBC _cLIBRO _d33724000765186 _eLIBRO _h46751 _i39653 _si |
||
| 949 |
_a635.9 F3Y _bBC _cLIBRO _d33724002176413 _eLIBRO _fc.2 _h112738rep. _i39653 _sb |
||
| 999 |
_c34565 _d34565 |
||